000 00850nmm a2200265 a 4500
001 ocm000701939
003 TR-IsHL
005 20201028124040.0
008 130902s2000 tu tur
007 cr cn
035 _a701939
_b(N$T)
050 0 4 _aHD9970.5
_b.K69[2 2000
090 0 4 _aHD9970.5
_b.K69[2 2000
245 1 0 _aKozmetik sektörü araştırması
_h[electronic resource] /
_chaz. Senem Çeşmecioğlu
250 _a1. bs.
260 _aİstanbul :
_bİstanbul Ticaret Odası,
_c2000
300 _a44 p.
650 4 _aKimya
650 4 _aChemistry
650 0 _aKozmetik endüstrisi
650 0 _aCosmetics industry
650 7 _aBUSINESS & ECONOMICS / Industries / General
_2bisacsh
700 1 _aÇeşmecioğlu, Senem
856 4 0 _uhttp://search.ebscohost.com/login.aspx?direct=true&scope=site&db=e011xww&AN=701939
999 _c2742
_d2742